Competition law and economics (Record no. 499393)

MARC details
000 -LEADER
fixed length control field 00904nam a2200253Ia 4500
003 - CONTROL NUMBER IDENTIFIER
control field OSt
005 - DATE AND TIME OF LATEST TRANSACTION
control field 20220925181456.0
008 - FIXED-LENGTH DATA ELEMENTS--GENERAL INFORMATION
fixed length control field 220923b |||||||| |||| 00| 0 eng d
020 ## - INTERNATIONAL STANDARD BOOK NUMBER
International Standard Book Number 9781848449992
037 ## - SOURCE OF ACQUISITION
Terms of availability General Book
040 ## - CATALOGING SOURCE
Original cataloging agency RTL
Transcribing agency RTL
Language of cataloging eng
041 ## - LANGUAGE CODE
Source of code eng
Language code of text/sound track or separate title eng
100 ## - MAIN ENTRY--PERSONAL NAME
Personal name MATEUS Abel M
9 (RLIN) 253918
245 #0 - TITLE STATEMENT
Title Competition law and economics
Remainder of title Advances in competition policy enforcement in the EU and North America
260 ## - PUBLICATION, DISTRIBUTION, ETC.
Place of publication, distribution, etc. Cheltenham
Name of publisher, distributor, etc. Edward Elgar
Date of publication, distribution, etc. 2010
300 ## - PHYSICAL DESCRIPTION
Extent xv, 435p
Dimensions cm.
650 ## - SUBJECT ADDED ENTRY--TOPICAL TERM
Topical term or geographic name entry element Economics
700 ## - ADDED ENTRY--PERSONAL NAME
Personal name MOREIRA Teresa
9 (RLIN) 253919
942 ## - ADDED ENTRY ELEMENTS (KOHA)
Classification part X:516:(Z).5Oa71, Q0
Koha item type General Books
Source of classification or shelving scheme Colon Classification (CC)
Holdings
Withdrawn status Lost status Damaged status Not for loan Home library Current library Date acquired Source of acquisition Cost, normal purchase price Total Checkouts Full call number Barcode Date last seen Cost, replacement price Price effective from Koha item type
        Ratan Tata Library Ratan Tata Library 2022-09-25 31109, 31/01/2011, Segment Book Distrobutors 5943.20   X:516:(Z).5Oa71 Q0 RT1475150 2022-09-25 5943.20 2022-09-25 General Books
Copyright @ Delhi University Library System